| 000 | 00514nam a2200169Ia 4500 | ||
|---|---|---|---|
| 008 | 090201s9999 xx 000 0 und d | ||
| 010 | _aKPL-54922 | ||
| 040 | _bमराठी | ||
| 041 | _aमराठी | ||
| 082 |
_a39298 _b54922 |
||
| 100 | _aके वि बेलसरे | ||
| 245 |
_aनाम साधना _cके वि बेलसरे |
||
| 260 |
_c2004 _bत्रिदल प्रकाशन |
||
| 300 |
_a156 _bमोठा |
||
| 600 | _aनाम साधना | ||
| 942 | _cBOOK | ||
| 999 |
_c236649 _d236649 |
||